000 00452nab a2200145Ia 4500
003 ES-SlBCS
005 20210601145944.0
008 140529s2004 xxu||||| |||| 00| 0 spa d
041 _aspa
100 1 _aSeligmann, Zelmira
_9318145
245 0 0 _aLa templanza en Josef Pieper y Santo Tomás
_c Zelmira Seligmann
600 1 _aPieper, Josef-Tomás de Aquino
_9318146
773 0 _tSapientia
_gvol. 59, nº. 216, 2004, págs. 543-549
_wRev413
942 _cAR
999 _c732797
_d732797